000 00463nam a2200169 4500
001 108229
003 ES-MaACL
005 20230906184615.0
007 t|
008 061121s1974 sp r ||||1| spa d
100 1 _aMonteforte Toledo, Mario.
_982425
245 1 0 _aCasi todos los cuentos /
_cMario Monteforte Toledo.
250 _a[1.ยช ed.].
260 _aBarcelona :
_bBarral,
_c1974.
300 _a326 p. ;
_c20 cm.
852 _aES-MaACL
_jC-56698
_bR.89462
999 _c108229
_d108229